| 000 -ლიდერი |
| ფიქსირებული სიგრძის საკონტროლო ველი |
01202nam a22002297a 4500 |
| 003 - საკონტროლო ნომრის იდენტიფიკატორი |
| საკონტროლო ველი |
Ge_BSU |
| 005 - ბოლო ოპერაციის თარიღი და დრო |
| საკონტროლო ველი |
20260211111335.0 |
| 008 - ფიქსირებული სიგრძის მონაცემთა ელემენტები - ზოგადი ინფორმაცია |
| ფიქსირებული სიგრძის საკონტროლო ველი |
260211s1991 ge ||||| |||| 00| 0 geo d |
| 041 ## - ენის კოდი |
| Language code of text/sound track or separate title |
geo |
| 080 ## - უნივერსალური ათობითი კლასიფიკაციის ინდექსი |
| Universal Decimal Classification number |
911.3:33(075.3) ე-49 |
| 245 ## - ცნობა სათაურის შესახებ |
| Title |
ეკონომიკური და სოციალური გეოგრაფია : |
| Remainder of title |
ზოგადსაგანმ. საშ. სკოლის მე-8-9 კლასებისათვის / |
| Statement of responsibility, etc |
[შემდგ.: მ. დევდარიანი და სხვ.]. |
| 264 ## - წარმოების, გამოცემის, დისტრიბუციის და სხვა ცნობები |
| გამოცემის, წარმოების, დისტრიბუციის... ადგილი |
თბ. : |
| გამოცემის, წარმოების, დისტრიბუციის... სახელწოდება |
განათლება, |
| გამოცემის, წარმოების, დისტრიბუციის... თარიღი |
1991. |
| 300 ## - ფიზიკური აღწერა |
| Extent |
120 გვ. ; |
| Other physical details |
20 სმ. |
| 653 ## - INDEX TERM--UNCONTROLLED |
| Uncontrolled term |
ეკონომიკური გეოგრაფია |
| 653 ## - INDEX TERM--UNCONTROLLED |
| Uncontrolled term |
სოციალური გეოგრაფია |
| 700 ## - ADDED ENTRY--PERSONAL NAME |
| Personal name |
დევდარიანი, მ. |
| Relator term |
შემდგ. |
| 9 (RLIN) |
26867 |
| 700 ## - ADDED ENTRY--PERSONAL NAME |
| Personal name |
დარჩიაშვილი, ნ. |
| Relator term |
შემდგ. |
| 9 (RLIN) |
26868 |
| 700 ## - ADDED ENTRY--PERSONAL NAME |
| Personal name |
ეცეტაძე, ი. |
| Relator term |
შემდგ. |
| 9 (RLIN) |
26869 |
| 700 ## - ADDED ENTRY--PERSONAL NAME |
| Personal name |
კვერენჩხილაძე, ლ. |
| Relator term |
შემდგ. |
| 9 (RLIN) |
26870 |
| 700 ## - ADDED ENTRY--PERSONAL NAME |
| Personal name |
ჯიბუტი, დ. |
| Relator term |
შემდგ. |
| 9 (RLIN) |
26871 |
| 942 ## - ADDED ENTRY ELEMENTS (KOHA) |
| Source of classification or shelving scheme |
|
| Koha item type |
წიგნი |